Public diplomacy and political change ; four case studies: Okinawa, Peru, Czechoslovakia, Guinea /

Bibliographic Details
Main Author: Henderson, Gregory, 1922-1988
Format: Book
Language:English
Published: New York : Praeger, 1973.
Series:Praeger special studies in international politics and government.
Subjects:

MARC

Tag First Indicator Second Indicator Subfields
LEADER 00000cam a2200000 4500
001 in00000014335
005 20151221095037.0
008 730411s1973 nyuab b 00010 eng
010 |a  72014204  
035 |a (OCoLC)00617925 
035 |9 AAA6700AM 
040 |a DLC  |c DLC  |d m.c.  |d TXA  |d UtOrBLW 
049 |a TXAM  |c [A12569449] 
050 0 0 |a JX1391  |b .H425 
082 0 |a 301.15/43/327 
100 1 |a Henderson, Gregory,  |d 1922-1988. 
245 1 0 |a Public diplomacy and political change ;  |b four case studies: Okinawa, Peru, Czechoslovakia, Guinea /  |c edited by Gregory Henderson, with S. W. Barton, Johannes A. Binnendijk [and] Carolyn E. Setlow. 
264 1 |a New York :  |b Praeger,  |c 1973. 
300 |a xxxv, 339 pages :  |b illustrations, maps ;  |c 25 cm. 
336 |a text  |b txt  |2 rdacontent 
337 |a unmediated  |b n  |2 rdamedia 
338 |a volume  |b nc  |2 rdacarrier 
490 1 |a Praeger special studies in international politics and government 
504 |a Includes bibliographies. 
650 0 |a International relations  |x Public opinion  |x Case studies. 
650 0 |a Mass media  |x Case studies. 
830 0 |a Praeger special studies in international politics and government. 
999 |a MARS 
999 f f |s c9cbc9e8-b781-3152-a5bb-794ee42d66ba  |i fd1d6430-d58f-3eaa-8c9d-239a396476a9  |t 0 
952 f f |p normal  |a Texas A&M University  |b College Station  |c Sterling C. Evans Library  |d Evans: Library Stacks  |t 0  |e JX1391 .H425  |h Library of Congress classification  |i unmediated -- volume  |m A14812569449 
998 f f |a JX1391 .H425  |t 0  |l Evans: Library Stacks